000 00716nab a22002297a 4500
001 07590
003 HDC
007 cr bn ---aaaaa
008 210128c20170202my ||||| |||| 00| 0 may d
040 _aHDC
245 0 _aKerjasama mampu pacu sektor halal
336 _atext
_2rdacontent
337 _acomputer
_2rdamedia
338 _aonline resource
_2rdacarrier
650 _aFood industries
_95435
650 _aFood
_xReligious aspects
_xIslam
_9239
710 _aHarian Metro
856 _zRequest full-text at [email protected]
942 _2lcc
942 _cNEWS
942 _kNWSC 002012
999 _c4913
_d4913